000 00647nam a2200205 i 4500
001 C2-0279669
003 PPAK
005 20180728010821.0
008 070509s2004 my |||| ||||| | may d
040 _aPPAK
_beng
_cPPAK
_erda
100 0 _aJunaidi Abu Bakar,
_eauthor
245 1 0 _aSuara - suara mangsa: Satu kajian sosiologikal mengenai kemalangan industri di Malaysia
264 1 _aBangi, Selangor :
_bUniversiti Kebangsaan Malaysia ,
_c2004
300 _a210 pages ;
_c30 cm
336 _2rdacontent
_atext
337 _2rdamedia
_aunmediated
338 _2rdacarrier
_avolume
500 _aTesis- Tidak boleh difotostat
942 _ddc
_cB
999 _c86284
_d86284